[Event "17. Ciudad de Pamplona - Magistral"]
[Site "Pamplona ESP"]
[Date "2007.12.26"]
[Round "4.4"]
[White "Khamrakulov, Ibragim S"]
[Black "Jobava, Baadur"]
[Result "0-1"]
[WhiteElo "2604"]
[BlackElo "2644"]
[PlyCount "152"]
[EventDate "2007.12.22"]
[EventType "tourn"]
[EventRounds "7"]
[EventCountry "ESP"]
[EventCategory "17"]
[Source "lmi"]
[SourceDate "2007.12.24"]

1. e4 c5 2. Nf3 d6 3. c3 Nf6 4. Be2 g6 5. O-O Bg7 6. Re1 O-O 7. Bf1 Nc6 8. d4
cxd4 9. cxd4 Bg4 10. d5 Ne5 11. Nbd2 Qa5 12. Re3 Rfc8 13. h3 Bxf3 14. Nxf3
Nxf3+ 15. gxf3 Nd7 16. Bd2 Qd8 17. Rb3 Rc7 18. a4 Nc5 19. Rb4 Qd7 20. Rc1 f5
21. a5 Rf8 22. Bc3 fxe4 23. fxe4 Bxc3 24. Rxc3 Rcc8 25. Qg4 Qxg4+ 26. hxg4 Rb8
27. f3 g5 28. Kg2 Kf7 29. Rd4 Kf6 30. b4 Nd7 31. Rc7 Ne5 32. Rd2 h5 33. gxh5
Rh8 34. Rdc2 a6 35. Kg3 Rxh5 36. Rc8 Rh8 37. Rxh8 Rxh8 38. Rc7 Rb8 39. f4 gxf4+
40. Kxf4 b6 41. b5 bxa5 42. bxa6 Rb3 43. Be2 Ng6+ 44. Kg4 Ne5+ 45. Kf4 Ng6+ 46.
Kg4 Ne5+ 47. Kh4 Ng6+ 48. Kh5 Ne5 49. Bf1 Rb8 50. Kh4 a4 51. Kg3 a3 52. Rc2
Rb3+ 53. Kh4 Rb4 54. Rf2+ Kg7 55. Kg3 Ra4 56. Ra2 Ra5 57. Kf4 Nd7 58. Bc4 Nc5
59. Kf5 Nxa6 60. Ke6 Kf8 61. e5 Nc5+ 62. Kf5 Kf7 63. exd6 exd6 64. Be2 Ra4 65.
Bf1 Ke7 66. Be2 Kd8 67. Bf1 Kc7 68. Be2 Kb6 69. Bf1 Kc7 70. Be2 Kb7 71. Bf1 Kb6
72. Be2 Re4 73. Bd1 Re5+ 74. Kf4 Rxd5 75. Be2 Re5 76. Bf3 Nd3+ 0-1